000 00551nam a2200169 a 4500
001 000042895
005 20201002040500.0
008 140212s1974 fr 000 0 spa d
040 _aDO-SdBNP
_bspa
_cBNPHU
100 1 _aCamacho, Marcelino
_970342
245 1 0 _aCharlas en la prisiónEl movimiento obrero sindical. :
_bel movimiento obrero sindical /
_cMarcelino Camacho.
260 _aBacelona, :
_bLibraire du Globe,
_c1974.
300 _a92 p. ;
_c18 cm.
490 1 _aEbro
500 _aIncluye datos biografícos del autor
830 0 _aEbro
_969274
999 _c42384
_d42384